Estudios históricos biográficos críticos y bibliográficos sobre la independencia de Chile

Salvato in:
Dettagli Bibliografici
Autore principale: Medina, José Toribio autor
Altri autori: Feliú Cruz, Guillermo (autor)
Natura: Libro
Lingua:spagnolo
Pubblicazione: Santiago, Chile Universitaria 1964
Serie:Fondo Histórico y Bibliográfico José Toribio Medina
Soggetti:
Tags: Aggiungi Tag
Nessun Tag, puoi essere il primo ad aggiungerne!!

MARC

LEADER 00000cam a2200000 a 4500
001 UCO0275
003 CL-VaPUC
005 20220903073948.0
008 000420e19640000CL |||||||||||||||||spa|d
999 |c 286988  |d 286986 
040 |c Pontificia Universidad Católica de Valparaíso 
082 0 4 |a 983.04 MED 1964  |2 21 
100 |a Medina, José Toribio  |d autor  |9 864577 
245 1 0 |a Estudios históricos biográficos críticos y bibliográficos sobre la independencia de Chile 
260 |a Santiago, Chile  |b Universitaria  |c 1964 
300 |a volúmenes 
490 0 |a Fondo Histórico y Bibliográfico José Toribio Medina 
500 |a v.1: Un precursor chileno de la revolución de la independencia de América: Juan José Godoy 
500 |a v.2: Un libro de la familia: los Errázuriz 
500 |a v.3: El acta del cabildo abierto del 18 de septiembre de 1810. Los que firmaron el acta del cabildo abierto. El primer cronista de la independencia de Chile. Manuel Antonio Talavera. Un folleto desconocido sobre la revolución de la independencia. Bibliografía de las obras de José Miguel Carrera 
500 |a v.4: La expedición de Corso del comodoro Guillermo Brown en aguas del Pacífico. Biografía del general de brigada don José Rondizzoni. Para la biografía de don Antonio de Quintanilla. La crónica de 1810 de don Miguel Luis Amunategui. La colección de manuscritos americanos de Benjamín Vicuña Mackenna 
583 |a last modification  |c 20151130 02:04:22  |k Rodrigo Vera 
650 0 |a Historia de Chile  |9 265473 
650 0 |a Independencia   |9 344246 
650 0 |a Biografías  |z CHILE  |9 255210 
650 0 |a Bibliografías   |z CHILE  |9 257071 
650 0 |a Historia y crítica   |z CHILE  |9 257407 
700 |a Feliú Cruz, Guillermo  |e autor  |9 392726 
852 |a BIBCUR 
942 |c BK  |2 ddc 
945 |d 20000420 00:00:00  |a crobeson 
952 |0 0  |1 0  |2 ddc  |4 0  |6 983_040000000000000_MED_1964  |7 0  |8 X  |9 333320  |a BIBHIS  |b BIBHIS  |d 2019-11-20  |h v.1  |i 1270621  |o 983.04 MED 1964  |p 1270621  |r 2024-01-30  |t 1  |w 2019-11-20  |y BK_X  |k HIS 
952 |0 0  |1 0  |2 ddc  |4 0  |6 983_040000000000000_MED_1964  |7 0  |8 X  |9 333321  |a BIBHIS  |b BIBHIS  |d 2019-11-20  |h v.1  |i 127063K  |o 983.04 MED 1964  |p 127063K  |r 2024-01-30  |t 2  |w 2019-11-20  |y BK_X  |k HIS 
952 |0 0  |1 0  |2 ddc  |4 0  |6 983_040000000000000_MED_1964  |7 0  |8 X  |9 333322  |a BIBHIS  |b BIBHIS  |d 2019-11-20  |h v.1  |i 1270648  |o 983.04 MED 1964  |p 1270648  |r 2024-01-30  |t 3  |w 2019-11-20  |y BK_X  |k HIS 
952 |0 0  |1 0  |2 ddc  |4 0  |6 983_040000000000000_MED_1964  |7 0  |8 X  |9 333323  |a BIBHIS  |b BIBHIS  |d 2019-11-20  |h v.1  |i 1270656  |o 983.04 MED 1964  |p 1270656  |r 2024-01-30  |t 4  |w 2019-11-20  |y BK_X  |k HIS 
952 |0 0  |1 0  |2 ddc  |4 0  |6 983_040000000000000_MED_1964  |7 0  |8 X  |9 333324  |a BIBHIS  |b BIBHIS  |d 2019-11-20  |h v.1  |i 1270664  |o 983.04 MED 1964  |p 1270664  |r 2024-01-30  |t 5  |w 2019-11-20  |y BK_X  |k HIS 
952 |0 0  |1 0  |2 ddc  |4 0  |6 983_040000000000000_MED_1964  |7 0  |8 X  |9 333325  |a BIBHIS  |b BIBHIS  |d 2019-11-20  |h v.2  |i 1270672  |o 983.04 MED 1964  |p 1270672  |r 2024-01-30  |t 1  |w 2019-11-20  |y BK_X  |k HIS 
952 |0 0  |1 0  |2 ddc  |4 0  |6 983_040000000000000_MED_1964  |7 0  |8 X  |9 333326  |a BIBHIS  |b BIBHIS  |d 2019-11-20  |h v.2  |i 1270680  |o 983.04 MED 1964  |p 1270680  |r 2024-01-30  |t 2  |w 2019-11-20  |y BK_X  |k HIS 
952 |0 0  |1 0  |2 ddc  |4 0  |6 983_040000000000000_MED_1964  |7 0  |8 X  |9 333327  |a BIBHIS  |b BIBHIS  |d 2019-11-20  |h v.2  |i 1270699  |o 983.04 MED 1964  |p 1270699  |r 2024-01-30  |t 3  |w 2019-11-20  |y BK_X  |k HIS 
952 |0 0  |1 0  |2 ddc  |4 0  |6 983_040000000000000_MED_1964  |7 0  |8 X  |9 333328  |a BIBHIS  |b BIBHIS  |d 2019-11-20  |h v.2  |i 1270702  |o 983.04 MED 1964  |p 1270702  |r 2024-01-30  |t 4  |w 2019-11-20  |y BK_X  |k HIS 
952 |0 0  |1 0  |2 ddc  |4 0  |6 983_040000000000000_MED_1964  |7 0  |8 X  |9 333329  |a BIBHIS  |b BIBHIS  |d 2019-11-20  |h v.3  |i 1270710  |o 983.04 MED 1964  |p 1270710  |r 2024-01-30  |t 1  |w 2019-11-20  |y BK_X  |k HIS 
952 |0 0  |1 0  |2 ddc  |4 0  |6 983_040000000000000_MED_1964  |7 0  |8 X  |9 333330  |a BIBHIS  |b BIBHIS  |d 2019-11-20  |h v.3  |i 1270729  |o 983.04 MED 1964  |p 1270729  |r 2024-01-30  |t 2  |w 2019-11-20  |y BK_X  |k HIS 
952 |0 0  |1 0  |2 ddc  |4 0  |6 983_040000000000000_MED_1964  |7 0  |8 X  |9 333331  |a BIBHIS  |b BIBHIS  |d 2019-11-20  |h v.3  |i 1270737  |o 983.04 MED 1964  |p 1270737  |r 2024-01-30  |t 3  |w 2019-11-20  |y BK_X  |k HIS 
952 |0 0  |1 0  |2 ddc  |4 0  |6 983_040000000000000_MED_1964  |7 0  |8 X  |9 333332  |a BIBHIS  |b BIBHIS  |d 2019-11-20  |h v.3  |i 1270745  |o 983.04 MED 1964  |p 1270745  |r 2024-01-30  |t 4  |w 2019-11-20  |y BK_X  |k HIS 
952 |0 0  |1 0  |2 ddc  |4 0  |6 983_040000000000000_MED_1964  |7 0  |8 X  |9 333333  |a BIBHIS  |b BIBHIS  |d 2019-11-20  |h v.2  |i 1270753  |o 983.04 MED 1964  |p 1270753  |r 2024-01-30  |t 5  |w 2019-11-20  |y BK_X  |k HIS 
952 |0 0  |1 0  |2 ddc  |4 0  |6 983_040000000000000_MED_1964  |7 0  |8 X  |9 333334  |a BIBHIS  |b BIBHIS  |d 2019-11-20  |h v.4  |i 1270761  |o 983.04 MED 1964  |p 1270761  |r 2024-01-30  |t 1  |w 2019-11-20  |y BK_X  |k HIS 
952 |0 0  |1 0  |2 ddc  |4 0  |6 983_040000000000000_MED_1964  |7 0  |8 X  |9 333335  |a BIBHIS  |b BIBHIS  |d 2019-11-20  |h v.4  |i 127077K  |o 983.04 MED 1964  |p 127077K  |r 2024-01-30  |t 2  |w 2019-11-20  |y BK_X  |k HIS 
952 |0 0  |1 0  |2 ddc  |4 0  |6 983_040000000000000_MED_1964  |7 0  |8 X  |9 333336  |a BIBHIS  |b BIBHIS  |d 2019-11-20  |h v.4  |i 1270788  |o 983.04 MED 1964  |p 1270788  |r 2024-01-30  |t 3  |w 2019-11-20  |y BK_X  |k HIS 
952 |0 0  |1 0  |2 ddc  |4 0  |6 983_040000000000000_MED_1964  |7 0  |8 X  |9 333337  |a BIBHIS  |b BIBHIS  |d 2019-11-20  |h v.4  |i 1270796  |o 983.04 MED 1964  |p 1270796  |r 2024-01-30  |t 4  |w 2019-11-20  |y BK_X  |k HIS 
952 |0 0  |1 0  |2 ddc  |4 0  |6 983_040000000000000_MED_1964  |7 0  |8 X  |9 333338  |a BIBHIS  |b BIBHIS  |d 2019-11-20  |h v.4  |i 127080K  |o 983.04 MED 1964  |p 127080K  |r 2024-01-30  |t 5  |w 2019-11-20  |y BK_X  |k HIS 
952 |0 0  |1 0  |2 ddc  |3 erb  |4 0  |6 983_040000000000000_MED_1964  |7 0  |8 X  |9 333339  |a BIBHIS  |b BIBHIS  |h v.1  |i 5038812  |o 983.04 MED 1964  |p 5038812  |r 2024-01-30  |t 6  |w 2019-11-20  |y BK_X  |z Catalogado en:20140717  |k HIS 
952 |0 0  |1 0  |2 ddc  |3 erb  |4 0  |6 983_040000000000000_MED_1964  |7 0  |8 X  |9 333340  |a BIBHIS  |b BIBHIS  |h v.2  |i 5038820  |o 983.04 MED 1964  |p 5038820  |r 2024-01-30  |t 6  |w 2019-11-20  |y BK_X  |z Catalogado en:20140717  |k HIS 
952 |0 0  |1 0  |2 ddc  |3 erb  |4 0  |6 983_040000000000000_MED_1964  |7 0  |8 X  |9 333341  |a BIBHIS  |b BIBHIS  |h v.3  |i 5038839  |o 983.04 MED 1964  |p 5038839  |r 2024-01-30  |t 5  |w 2019-11-20  |y BK_X  |z Catalogado en:20140717  |k HIS 
952 |0 0  |1 0  |2 ddc  |3 erb  |4 0  |6 983_040000000000000_MED_1964  |7 0  |8 X  |9 333342  |a BIBHIS  |b BIBHIS  |h v.4  |i 5038847  |o 983.04 MED 1964  |p 5038847  |r 2024-01-30  |t 6  |w 2019-11-20  |y BK_X  |z Catalogado en:20140717  |k HIS